000 00524ntaaa2200193 4500
003 01
005 20251027202245.0
008 0714s1973 ag 01
040 _aAR-BaBN
_bspa
_cAR-BaBN
_eaacr
_dRIC
082 _a268.4300 St3
100 _aStewart, Neta
_920960
245 _aTeaching guide for "Understanding children"
250 _a1 ed.
260 _aNashville :
_bConvention Press,
_c1969
300 _a31 p
500 _aGuía para la enseñanza del libro "Understanding children"
650 _aniños
942 _cBK
999 _c17355
_d17355